| 000 | 00687nam a22001937a 4500 | ||
|---|---|---|---|
| 003 | OSt | ||
| 005 | 20251204082827.0 | ||
| 008 | 251204b |||||||| |||| 00| 0 eng d | ||
| 020 | _a0-495-00779-x. | ||
| 040 |
_aDWCL-Main lib _cOC |
||
| 082 |
_23rd ed. _aCirc. 306 H715f 2007 |
||
| 100 | _aHogan, Mikel | ||
| 245 |
_aThe four skills of cultural diversity competence : _ba process for understanding and practice _cHogan, Mikel |
||
| 260 |
_aUSA : _bThomson Higher Education, _cc2007. |
||
| 300 |
_axvii, 150 pages : _bchiefly illustration ; _c27 cm. |
||
| 650 | _21. Cross-cultural communication. | ||
| 650 | _22. Intercultural communiccation. | ||
| 942 |
_2ddc _cBK-CIRC _e3rd ed. _kCirc. _n0 |
||
| 999 |
_c6876 _d6876 |
||